000 00386nam a2200145Ia 4500
008 230711s9999||||xx |||||||||||||| ||und||
041 _aENG
082 _a624
_bDO-R
100 _aDayaratnam, P
245 0 _aDesign of reinforced concrete structure
250 _a1st . Ed.
260 _c1992
_aNew Delhi
_bOxford & IBH Publishing Co.Pvt.Ltd.
650 _aCivil Engineering
942 _cBK
999 _c3893
_d3893